|
|
|
|
| LEADER |
00000naa2a2200000 4500 |
| 001 |
104150 |
| 005 |
20231031113855.0 |
| 035 |
|
|
|a (RuTPU)RU\TPU\book\112265
|
| 090 |
|
|
|a 104150
|
| 100 |
|
|
|a 20061026d2003 k y0rusy50 ca
|
| 101 |
0 |
|
|a rus
|
| 102 |
|
|
|a RU
|
| 200 |
1 |
|
|a Новые данные о геохимии щёлочных базальтоидов Минусинского прогиба
|f В. В. Ершов, Л. П. Рихванов, А. Ф. Коробейников
|
| 320 |
|
|
|a Библиогр.: 5 назв.
|
| 461 |
|
0 |
|0 (RuTPU)RU\TPU\book\59582
|t Проблемы геологии и географии Сибири
|o материалы научной конференции, посвященной 125-летию основания Томского государственного университета и 70-летию образования геолого-географического факультета 2-4 апреля 2003 г.
|d 2003
|s Серия "Науки о Земле" (геология, география, метеорология, геодезия)
|
| 463 |
|
0 |
|0 (RuTPU)RU\TPU\book\56947
|t Вып. 3 (III): Геохимия и минералогия. Петрология. Металлогения. Геология и экономика минерального сырья
|v С. 51-52
|d 2003
|p 315 с.
|
| 610 |
1 |
|
|a базальтоиды
|
| 610 |
1 |
|
|a Минусинский прогиб
|
| 610 |
1 |
|
|a геохимия
|
| 610 |
1 |
|
|a щёлочные базальтоиды
|
| 610 |
1 |
|
|a труды учёных ТПУ
|
| 700 |
|
1 |
|a Ершов
|b В. В.
|4 070
|
| 701 |
|
1 |
|a Рихванов
|b Л. П.
|c российский ученый, геолог
|c профессор Томского политехнического университета, доктор геолого-минералогических наук
|c заслуженный геолог РФ
|c почетный работник высшего образования РФ
|f 1945-
|g Леонид Петрович
|2 stltpush
|3 (RuTPU)RU\TPU\pers\23187
|
| 701 |
|
1 |
|a Коробейников
|b А. Ф.
|c российский геолог, доктор геолого-минералогических наук
|c профессор Томского политехнического университета
|f 1934-
|g Александр Феопенович
|2 stltpush
|3 (RuTPU)RU\TPU\pers\12688
|4 070
|4 070
|
| 801 |
|
1 |
|a RU
|b 63413507
|c 20061026
|g PSBO
|
| 801 |
|
2 |
|a RU
|b 63413507
|c 20100407
|g RCR
|
| 942 |
|
|
|c BK
|